Serampore Mission: Perspectives in Contexts (Record no. 23608)

MARC details
000 -LEADER
fixed length control field 00399nam a22001337a 4500
082 ## - DEWEY DECIMAL CLASSIFICATION NUMBER
Classification number 266.0954
Author Cutter THO
100 ## - MAIN ENTRY--AUTHOR NAME
Author name Thomaskutty
245 ## - TITLE STATEMENT
Title Serampore Mission: Perspectives in Contexts
260 ## - PUBLICATION, DISTRIBUTION, ETC. (IMPRINT)
Place of publication Delhi
Name of publisher ISPCK
Year of publication 2019
300 ## - PHYSICAL DESCRIPTION
Number of Pages 310
650 ## - SUBJECT ADDED ENTRY--TOPICAL TERM
Topical Term Baptistes Missions India Serampore History
-- Carey, William, 1761-1834 Congresses
-- Conference papers and proceedings
942 ## - ADDED ENTRY ELEMENTS (KOHA)
Koha item type Books
Holdings
Home library Current library Shelving location Date acquired Source of acquisition Cost, normal purchase price Full call number Accession Number Koha item type
Henry Martyn Institute Library Henry Martyn Institute Library General stacks 10/06/2025 Director 325.00 266.0954 THO 11004789 Books
                   Copyright © 2026 | Henry Martyn Institute | Hyderabad | TS-500052 | INDIA | Implemented by hmi.edu.in
Hit-Count:

Powered by Koha